OPAC Home

Drugged (Record no. 144572)

MARC details
000 -LEADER
fixed length control field 00439nam a22001817a 4500
003 - CONTROL NUMBER IDENTIFIER
control field LK-CoDNM
005 - DATE AND TIME OF LATEST TRANSACTION
control field 20240123143047.0
008 - FIXED-LENGTH DATA ELEMENTS--GENERAL INFORMATION
fixed length control field 240123b |||||||| |||| 00| 0 eng d
020 ## - INTERNATIONAL STANDARD BOOK NUMBER
International Standard Book Number 9786240018869
040 ## - CATALOGING SOURCE
Original cataloging agency LK-CoDNM
Modifying agency LK-CoDNM
Description conventions LK-CoDNM
041 ## - LANGUAGE CODE
Language code of text/sound track or separate title English
080 ## - UNIVERSAL DECIMAL CLASSIFICATION NUMBER
Universal Decimal Classification number 8 - 31
Item number NIS
942 ## - ADDED ENTRY ELEMENTS (KOHA)
Suppress in OPAC 0
Koha item type Books
100 ## - MAIN ENTRY--PERSONAL NAME
Personal name Nissanka,S.A.
245 ## - TITLE STATEMENT
Title Drugged
260 ## - PUBLICATION, DISTRIBUTION, ETC. (IMPRINT)
Place of publication, distribution, etc. Colombo
Name of publisher, distributor, etc. S.Godage & Brothers Pvt Ltd
300 ## - PHYSICAL DESCRIPTION
Extent 236p.,21cm
Holdings
Withdrawn status Lost status Damaged status Not for loan Collection code Permanent Location Current Location Date acquired Full call number Barcode Koha item type
        Novels Library National Museum Colombo - Sri Lanka Library National Museum Colombo - Sri Lanka 2024-01-23 8 - 31 NIS 176461 Books
        Fiction Library National Museum Colombo - Sri Lanka Library National Museum Colombo - Sri Lanka 2024-02-09 8 - 31 NIS 176334 Books
Copyright © 2023 Department of National Museum, Colombo 07, Sri Lanka Funded by UNESCO IFAP UNESCO